Crafting Peace in Kashmir (Record no. 4227)

MARC details
000 -LEADER
fixed length control field 00387nam a22001697a 4500
005 - DATE AND TIME OF LATEST TRANSACTION
control field 20160627114906.0
008 - FIXED-LENGTH DATA ELEMENTS--GENERAL INFORMATION
fixed length control field 160627b xxu||||| |||| 00| 0 eng d
020 ## - INTERNATIONAL STANDARD BOOK NUMBER
ISBN 81-7879400-1
041 ## - LANGUAGE CODE
Language code of text/sound track or separate title eng
082 ## - DEWEY DECIMAL CLASSIFICATION NUMBER
Item number 10462
100 ## - MAIN ENTRY--AUTHOR NAME
Personal name Koithara, Verghese
245 ## - TITLE STATEMENT
Title Crafting Peace in Kashmir
260 ## - PUBLICATION, DISTRIBUTION, ETC. (IMPRINT)
Name of publisher Sage
Year of publication 2004
300 ## - PHYSICAL DESCRIPTION
Number of Pages 297
650 ## - SUBJECT ADDED ENTRY--TOPICAL TERM
Topical Term Management
942 ## - ADDED ENTRY ELEMENTS (KOHA)
Koha item type Books
Holdings
Lost status Damaged status Collection code Home library Current library Shelving location Date acquired Cost, normal purchase price Full call number Accession Number Koha item type
    LIFE SKILL JRU Library JRU Library SHELF-102-I 27/06/2016 350.00 153.9 10462 Books
    LIFE SKILL JRU Library JRU Library SHELF-103-G 27/06/2016 350.00 10462 10463 Books
    LIFE SKILL JRU Library JRU Library SHELF-102-I 27/06/2016 350.00 153.9 10464 Books
    LIFE SKILL JRU Library JRU Library SHELF-103-G 27/06/2016 350.00 10462 10465 Books